000 01035nam a22002177a 4500
003 OSt
005 20180518045430.0
008 180320b xxu||||| |||| 00| 0 spa d
020 _a950200579X
040 _cPJ
100 _aMaureen Williams, Silvia
_9644
245 1 0 _aDerecho internacional contemporaneo :
_bla utilización del espacio ultraterrestre /
_cSilvia Maureen Williams.
260 _aBuenos Aires :
_bAbeledo-Perrot,
_c1990.
300 _a251 p.
_c23 cm.
500 _aNotas y citas bibliográficas al pie de algunas páginas
505 _aContiene: Responsabilidad internacional y principios de justicia y equidad -- Régimen jurídico de la luna y sus recursos -- Derecho internacional y contaminación del espacio -- La iniciativa de defensa estratégica -- Radiodifusión directa desde satélites --Comercialización de las actividades espaciales.
650 0 _9495
_aDERECHO INTERNACIONAL
650 0 _9651
_aDERECHO ESPACIAL
650 0 _9650
_aESPACIO ULTRATERRESTRE
942 _2udc
_cLIB
_h341.229
_iMAU
999 _c510
_d510